Most Populous City - Multiple Choice - Statistics

General Stats
  • This quiz has been taken 34 times
  • The average score is 10 of 15
Answer Stats
Question Answer % Correct
The most populous city in Germany is... Berlin
100%
The most populous city in Mexico is... Mexico City
100%
The most populous city in the United States is... New York City
100%
The most populous city in South Africa is... Johannesburg
80%
The most populous city in Spain is... Madrid
80%
The most populous city in Saudi Arabia is... Riyadh
80%
The most populous city in Canada is... Toronto
80%
The most populous city in New Zealand is... Auckland
60%
The most populous city in Morocco is... Casablanca
60%
The most populous city in India is... Delhi
60%
The most populous city in Pakistan is... Karachi
60%
The most populous city in Italy is... Milan
60%
The most populous city in Brazil is... Sao Paulo
60%
The most populous city in China is... Guangzhou
20%
The most populous city in Australia is... Melbourne
20%
No matching quizzes found
Score Distribution
Percent of People with Each Score
Percentile by Number Answered
Your Score History
You have not taken this quiz